| 000 | 00527nam a2200157 4500 | ||
|---|---|---|---|
| 001 | 148269 | ||
| 003 | ES-MaACL | ||
| 007 | t| | ||
| 008 | 070214s1954 sp r ||||1| spa d | ||
| 100 | 1 |
_aStoneham, C. T. _9108313 |
|
| 245 | 1 | 0 |
_aMau-Mau _b: terror en Africa / _cC. T. Stoneham ; traducción del inglés por Luis Jordá Cardona. |
| 260 |
_aBarcelona : _bIberia, _c[1954] ( _fRafael Salvá) |
||
| 300 |
_a195 p., 8 lám. : _b1 map. ; _c21 cm. |
||
| 700 | 1 |
_aJordá Cardona, Luis. _966899 |
|
| 852 |
_aES-MaACL _jC-8761 _bR.36216 |
||
| 999 |
_c148269 _d148269 |
||